Lectura temprana: jardín infantil y primer grado

Guardat en:
Dades bibliogràfiques
Autor principal: Condemarín Grimberg, Mabel (Autor)
Format: Llibre
Idioma:espanyol
Publicat: Santiago Andrés Bello 2004
Edició:7a. ed
Matèries:
Etiquetes: Afegir etiqueta
Sense etiquetes, Sigues el primer a etiquetar aquest registre!

MARC

LEADER 00000nam a2200000 a 4500
001 UCI2955
003 CL-VaPUC
008 071005e20040000CL |||||||||||||||||spa|d
020 |a 9561307103 
082 0 4 |a 372.41  |b CON  |2 21 
100 0 |a Condemarín Grimberg, Mabel  |e author  |9 524229 
245 1 0 |a Lectura temprana: jardín infantil y primer grado 
250 |a 7a. ed 
300 |a 330 p 
942 |c BK 
945 |d 20071005 00:00:00  |a cmena 
260 |a Santiago  |b Andrés Bello  |c 2004 
650 0 |a Enseñanza de la lectura  |9 308364 
650 0 |a Educación preescolar  |9 260381 
650 0 |a Educación básica   |9 224933 
650 0 |a Cuentos infantiles  |9 308044 
650 0 |a Literatura infantil   |9 307465 
650 0 |a Métodos de enseñanza  |9 270413 
583 |a last modification  |c 20071005 00:00:00  |k Rodrigo Vera 
999 |c 327364  |d 327362 
952 |0 0  |1 0  |4 0  |6 372_410000000000000_CON_2004  |7 0  |8 R  |9 410126  |a BIBEDU  |b BIBEDU  |d 2019-11-22  |i 4332768  |o 372.41 CON 2004  |p 4332768  |r 2023-01-13  |w 2019-11-22  |y BK_R  |k EDI 
952 |0 0  |1 0  |4 0  |6 372_410000000000000_CON_2004  |7 0  |8 R  |9 410127  |a BIBEDU  |b BIBEDU  |c MCIRC  |d 2019-11-22  |i 4437365  |o 372.41 CON 2004  |p 4437365  |r 2023-01-13  |w 2019-11-22  |y BK_R  |k EBA